[Event "Charlotte op"]
[Site "Charlotte"]
[Date "2024.01.15"]
[Round "6"]
[White "Wofford, Matthew R"]
[Black "Kogen, Jonathan S"]
[Result "1/2-1/2"]
[WhiteElo "1993"]
[BlackElo "2220"]
[PlyCount "63"]
[EventDate "2024.01.05"]
[EventType "swiss"]
[EventRounds "6"]
[EventCountry "USA"]
[SourceTitle "CB04_2024"]
[SourceDate "2023.10.16"]
[SourceVersion "1"]
[SourceVersionDate "2023.10.16"]
[SourceQuality "1"]

1. e4 c5 2. Nf3 d6 3. d4 cxd4 4. Nxd4 Nf6 5. Nc3 Nc6 6. Bg5 e6 7. Qd2 Qb6 8. Nb3 a6 9. 0-0-0 Qc7 10. f3 Rb8 11. g4 b5 12. Bf4 Ne5 13. Be2 Nc4 14. Bxc4 bxc4 15. e5 Nd7 16. exd6 Qb7 17. Rhe1 cxb3 18. axb3 g6 19. Qd4 Qb4 20. Qxh8 Qxf4+ 21. Kb1 Bb7 22. h4 Bxf3 23. Rf1 Qxg4 24. Rd3 Be2 25. Nxe2 Qxe2 26. Rdf3 Ne5 27. R3f2 Qe3 28. Rxf7 Nxf7 29. d7+ Kxd7 30. Rxf7+ Kc6 31. Rxf8 Qe1+ 32. Ka2 1/2-1/2

[Event "Charlotte op"]
[Site "Charlotte"]
[Date "2024.01.13"]
[Round "1"]
[White "Kraai, Jesse"]
[Black "Wofford, Matthew R"]
[Result "1-0"]
[WhiteElo "2375"]
[BlackElo "1993"]
[PlyCount "104"]
[EventDate "2024.01.05"]
[EventType "swiss"]
[EventRounds "6"]
[EventCountry "USA"]
[SourceTitle "CB04_2024"]
[SourceDate "2023.10.16"]
[SourceVersion "1"]
[SourceVersionDate "2023.10.16"]
[SourceQuality "1"]

1. d4 Nf6 2. Nf3 e6 3. Bf4 d5 4. e3 Bd6 5. Bxd6 Qxd6 6. c4 0-0 7. Nc3 dxc4 8. Bxc4 c5 9. 0-0 Nc6 10. Rc1 Rd8 11. dxc5 Qxc5 12. Qe2 Bd7 13. Bb3 Qe7 14. e4 e5 15. Nd5 Qd6 16. h3 Na5 17. Rfd1 Nxb3 18. axb3 Rab8 19. Nxf6+ Qxf6 20. Rd5 Bc6 21. Rxe5 h6 22. Rf5 Qe6 23. Ne5 Re8 24. Qe3 Bxe4 25. Qxe4 g6 26. Rf3 Qxe5 27. Qxe5 Rxe5 28. Rc7 Rf8 29. Rxb7 Re1+ 30. Kh2 Rb1 31. Rxa7 Rxb2 32. Rb7 Kg7 33. g4 g5 34. h4 Kg6 35. h5+ Kg7 36. Kg2 Kg8 37. Rf5 Rb1 38. Kf3 Rb2 39. b4 Rb3+ 40. Ke4 Re8+ 41. Kd4 Rb2 42. Kc3 Ree2 43. Rbxf7 Rbc2+ 44. Kb3 Rb2+ 45. Ka4 Re8 46. R7f6 Ra8+ 47. Ra5 Rb8 48. b5 Ra2+ 49. Kb4 Rb2+ 50. Kc3 R2xb5 51. Rxb5 Rxb5 52. Rxh6 Kf7 1-0

[Event "Denver CC Tribute to MLK"]
[Site "Denver"]
[Date "2023.01.??"]
[Round "2"]
[White "Wofford, Matthew R"]
[Black "Sorokin, Aleksey"]
[Result "0-1"]
[WhiteElo "1960"]
[BlackElo "2537"]
[PlyCount "55"]
[EventDate "2023.01.14"]
[EventType "swiss"]
[EventRounds "5"]
[EventCountry "USA"]
[SourceTitle "EXT 2024"]
[Source "ChessBase"]
[SourceDate "2023.10.10"]
[SourceVersion "1"]
[SourceVersionDate "2023.10.10"]
[SourceQuality "1"]

1. e4 c5 2. Nf3 d6 3. d4 cxd4 4. Nxd4 Nf6 5. Nc3 a6 6. Be2 e5 7. Nb3 Be7 8. 0-0 0-0 9. Re1 Be6 10. Bf3 Nbd7 11. a4 Rc8 12. a5 Qc7 13. Be3 Qc6 14. Re2 Rfe8 15. h3 Nc5 16. Nxc5 dxc5 17. Bg5 Rcd8 18. Qe1 Rd4 19. Nd5 Nxd5 20. exd5 Bxd5 21. Rxe5 Bxf3 22. gxf3 f6 23. Rxe7 Rxe7 24. Qxe7 fxg5 25. Ra3 h6 26. Rb3 Rd7 27. Qe8+ Kh7 28. Rb6 0-1

[Event "PNWCC Online Masters"]
[Site "Chess.com INT"]
[Date "2020.05.25"]
[Round "8.28"]
[White "Park, Evan"]
[Black "Wofford, Matthew R"]
[Result "1-0"]
[WhiteElo "2146"]
[BlackElo "1995"]
[PlyCount "151"]
[EventDate "2020.05.23"]
[EventType "swiss (rapid)"]
[EventRounds "9"]
[EventCountry "USA"]
[SourceTitle "CBM 196 Extra"]
[Source "ChessBase"]
[SourceDate "2020.07.31"]
[SourceVersion "1"]
[SourceVersionDate "2020.07.31"]
[SourceQuality "1"]

1. e4 c5 2. Nf3 d6 3. d4 cxd4 4. Nxd4 Nf6 5. Nc3 a6 6. Nb3 e5 7. Bg5 Be7 8. Bxf6 Bxf6 9. Qd3 Be6 10. 0-0-0 Be7 11. g3 Nd7 12. f4 b5 13. f5 Bc4 14. Qf3 Nb6 15. Na5 Qc7 16. Nxc4 bxc4 17. h4 h5 18. Nd5 Nxd5 19. Rxd5 0-0 20. Qc3 Rfc8 21. Be2 Rab8 22. Bxh5 Qb7 23. Be2 Bd8 24. Bxc4 Bb6 25. b3 Bd4 26. Rxd4 exd4 27. Qxd4 Qb4 28. f6 Qa3+ 29. Kd2 Qa5+ 30. Kd3 g6 31. Qd5 Qc7 32. Qg5 d5 33. exd5 Rb4 34. Qf4 Qxf4 35. gxf4 Rb6 36. Ke4 Re8+ 37. Kf3 Rxf6 38. Bd3 Re5 39. c4 Kf8 40. Rg1 Ke7 41. Rg5 Re1 42. c5 Rh1 43. d6+ Kd7 44. Bxa6 Kc6 45. b4 Rxh4 46. b5+ Kd7 47. Rd5 Rfxf4+ 48. Ke3 Ra4 49. c6+ Ke6 50. d7 Rh3+ 51. Kf2 Rxa2+ 52. Kg1 Rg3+ 53. Kf1 Rf3+ 54. Ke1 Rh3 55. b6 Rh1+ 56. Bf1 Ra1+ 57. Kd2 Rhxf1 58. d8Q Rad1+ 59. Kc2 Rxd5 60. Qe8+ Kf6 61. Qh8+ Ke6 62. Qe8+ Kf6 63. c7 Rc5+ 64. Kd2 Rf2+ 65. Ke3 Rfc2 66. Qd8+ Ke6 67. Qe8+ Kf6 68. Qh8+ Ke6 69. b7 R5c3+ 70. Kd4 Rc4+ 71. Kd3 Rxc7 72. b8Q R2c6 73. Qhe8+ Kf6 74. Qbd8+ Kf5 75. Qd5+ Kf6 76. Qee5# 1-0

[Event "PNWCC Online Masters"]
[Site "Chess.com INT"]
[Date "2020.05.24"]
[Round "5.40"]
[White "Jiang, Leo1111"]
[Black "Wofford, Matthew R"]
[Result "1/2-1/2"]
[WhiteElo "1592"]
[BlackElo "1995"]
[PlyCount "107"]
[EventDate "2020.05.23"]
[EventType "swiss (rapid)"]
[EventRounds "9"]
[EventCountry "USA"]
[SourceTitle "CBM 196 Extra"]
[Source "ChessBase"]
[SourceDate "2020.07.31"]
[SourceVersion "1"]
[SourceVersionDate "2020.07.31"]
[SourceQuality "1"]

1. d4 Nf6 2. c4 e6 3. Nf3 b6 4. g3 d5 5. Nbd2 Be7 6. Bg2 0-0 7. 0-0 c6 8. Qc2 Nbd7 9. e4 dxe4 10. Nxe4 Bb7 11. Rd1 Qc8 12. Nxf6+ Bxf6 13. Bg5 Qd8 14. Be3 Qe7 15. Rac1 Rfd8 16. Nd2 Rac8 17. Ne4 e5 18. Nxf6+ Nxf6 19. dxe5 Qxe5 20. a3 Qh5 21. h3 Re8 22. Rd4 Rc7 23. c5 Nd5 24. Bxd5 cxd5 25. Rh4 Qg6 26. Qxg6 hxg6 27. b4 b5 28. Rd4 Bc6 29. Rd2 f6 30. Bd4 g5 31. Rc3 Re1+ 32. Kh2 Rce7 33. Re3 R7xe3 34. fxe3 Kf7 35. Kg2 Ke6 36. Kf2 Rh1 37. Kg2 Rb1 38. Kf2 Rb3 39. Bb2 Be8 40. Ke2 Bg6 41. Kf3 Be4+ 42. Kf2 g6 43. h4 gxh4 44. gxh4 f5 45. Ke2 Kd7 46. Kf2 f4 47. exf4 Rf3+ 48. Kg1 Rxf4 49. Rf2 Rxh4 50. Rh2 Rxh2 51. Kxh2 Ke6 52. Kg3 Kd7 53. Kf4 Kc6 54. Bd4 1/2-1/2

[Event "PNWCC Online Masters"]
[Site "Chess.com INT"]
[Date "2020.05.24"]
[Round "4.36"]
[White "Wofford, Matthew R"]
[Black "Rao, Anjaneya"]
[Result "1/2-1/2"]
[WhiteElo "1995"]
[BlackElo "1814"]
[PlyCount "100"]
[EventDate "2020.05.23"]
[EventType "swiss (rapid)"]
[EventRounds "9"]
[EventCountry "USA"]
[SourceTitle "CBM 196 Extra"]
[Source "ChessBase"]
[SourceDate "2020.07.31"]
[SourceVersion "1"]
[SourceVersionDate "2020.07.31"]
[SourceQuality "1"]

1. e4 c5 2. Nf3 d6 3. d4 cxd4 4. Nxd4 Nf6 5. Nc3 g6 6. Be3 Bg7 7. f3 0-0 8. Qd2 Nc6 9. Bc4 Bd7 10. h4 h5 11. 0-0-0 Rc8 12. Bb3 Ne5 13. Kb1 Nc4 14. Bxc4 Rxc4 15. Nb3 b5 16. Bg5 b4 17. Ne2 Be6 18. Nbd4 Qb6 19. Nxe6 fxe6 20. Nf4 Rfc8 21. Rc1 Kf7 22. g4 hxg4 23. h5 Nxh5 24. fxg4 Ng3 25. Nd5 exd5 26. Qxd5+ e6 27. Rhf1+ Nf5 28. Qd3 Qd4 29. Qxd4 Rxd4 30. Rce1 Rdc4 31. exf5 exf5 32. gxf5 gxf5 33. Rxf5+ Kg6 34. Rf2 Kxg5 35. Rg1+ Rg4 36. Rxg4+ Kxg4 37. Rg2+ Kf5 38. Rxg7 a5 39. Re7 Rc5 40. b3 Re5 41. Ra7 Ke6 42. Kb2 Rc5 43. Rh7 Kd5 44. Rh2 Kc6 45. a3 Kb5 46. Rd2 Kc6 47. Ka2 Rd5 48. Rh2 Rc5 49. Kb2 Kb5 50. Rd2 Kc6 1/2-1/2

[Event "Foxwoods op 13th"]
[Site "Ledyard"]
[Date "2019.04.19"]
[Round "4"]
[White "Yakubov, Mardon"]
[Black "Wofford, Matthew R"]
[Result "1-0"]
[WhiteElo "2128"]
[BlackElo "1996"]
[PlyCount "78"]
[EventDate "2019.04.17"]
[EventType "swiss"]
[EventRounds "9"]
[EventCountry "USA"]
[SourceTitle "CBM 189 Extra"]
[Source "ChessBase"]
[SourceDate "2019.06.03"]
[SourceVersion "1"]
[SourceVersionDate "2019.06.03"]
[SourceQuality "1"]

1. Nf3 Nf6 2. c4 g6 3. Nc3 Bg7 4. e4 d6 5. d4 0-0 6. h3 e5 7. d5 a5 8. Be3 Na6 9. g4 Nc5 10. Nd2 Bd7 11. Rg1 Kh8 12. Qf3 Ng8 13. Qg3 Qe7 14. 0-0-0 f5 15. gxf5 gxf5 16. Bg5 Qf7 17. f3 Nf6 18. Qh4 Rg8 19. Be3 f4 20. Bxc5 dxc5 21. Qf2 b6 22. h4 Nh5 23. Qh2 Qe7 24. Rg5 Ng3 25. Bh3 Bf6 26. Rxg8+ Rxg8 27. Bxd7 Qxd7 28. Nb5 Rg6 29. Nf1 Nxf1 30. Rxf1 Rg3 31. h5 Bd8 32. Rf2 Rh3 33. Qg1 Rxh5 34. Rg2 Qf7 35. Rg4 Bh4 36. Nxc7 Bg3 37. Ne6 Rh2 38. Rg5 h6 39. Rf5 Qe7 1-0